000 00651cam a2200229 i 4500
001 4616941
005 20180131044834.0
008 770518s1976 enk b 111 0 eng
010 _a 77360772
015 _aGB***
020 _a0198284063 :
_c£8.00
040 _aDLC
_cDLC
_dDLC
041 _aeng
080 _a330 WIL
082 0 0 _a330 WIL
100 _a52
101 _aEKO
245 0 4 _aThe Market and the state :
_cedited by Thomas Wilson and Andrew S. Skinner.
504 _aIncludes bibliographical references and index.
906 _a7
_bcbc
_corignew
_d3
_encip
_f19
_gy-gencatlg
942 _2ddc
_cBK
999 _c41353
_d41353